| 000 | 01427nam a2200253 a 4500 | ||
|---|---|---|---|
| 008 | 120416s1985 ||||||||||||||||| || u | ||
| 020 | _a0471903833 | ||
| 050 | _aHG 1615 Cha | ||
| 100 | _aChannon, Derek F | ||
| 245 | 1 | 0 | _aBank strategic management and marketing |
| 260 |
_aNew York _bJohn Wiley and Sons _c1985 |
||
| 300 | _ax, 246p. : ill. | ||
| 350 | _a0.00 | ||
| 650 | _aBANKS AND BANKING--PLANNING | ||
| 650 | 0 | _aSTRATEGIC PLANNING | |
| 650 | 0 | _aECONOMICS | |
| 856 | _uhttp://www.loc.gov/catdir/toc/onix01/85020182.html | ||
| 856 | _uhttp://www.loc.gov/catdir/description/wiley031/85020182.html | ||
| 995 |
_aMAIN LIBRARY OPEN ACCESS _D0.00 _e735507 _FCBU-MAIN LIBRARY (Kitwe) _H4 _I21.95 _jHG 1615 Cha _M4 _UAVAILABLE _y48373 _ZMain Library Open Access Collection |
||
| 995 |
_aANNEX COLLECTION (Main Library) _D0.00 _e735510 _FCBU-MAIN LIBRARY (Kitwe) _H2 _I21.95 _jHG 1615 Cha _M2 _UAVAILABLE _WMay 22, 2006 _y48372 _ZAnnex Low-Usage Collection |
||
| 995 |
_aANNEX COLLECTION (Main Library) _D0.00 _e735509 _FCBU-MAIN LIBRARY (Kitwe) _H5 _I21.95 _jHG 1615 Cha _M5 _UAVAILABLE _y48371 _ZAnnex Low-Usage Collection |
||
| 995 |
_aMAIN LIBRARY OPEN ACCESS _D0.00 _e735511 _FCBU-MAIN LIBRARY (Kitwe) _H1 _I21.95 _jHG 1615 Cha _M1 _UAVAILABLE _y48369 _ZMain Library Open Access Collection |
||
| 995 |
_aANNEX COLLECTION (Main Library) _D0.00 _e735508 _FCBU-MAIN LIBRARY (Kitwe) _H3 _I21.95 _jHG 1615 Cha _M3 _UAVAILABLE _y48374 _ZAnnex Low-Usage Collection |
||
| 999 |
_c84525 _d84525 |
||